| 000 | 00664cam a22002292 4500 | ||
|---|---|---|---|
| 001 | 0000012110 | ||
| 005 | 20151217152107.0 | ||
| 008 | 090203s xx 000 0 eng d | ||
| 020 | _a0471143239 : | ||
| 040 |
_aKABU _cKABU |
||
| 050 | 0 |
_aTK7871.85 _b.S94 2007 |
|
| 100 | 1 |
_aSze, S. M. _@0000156430 |
|
| 245 | 1 | 0 |
_aPhysics of semiconductor devices / _cS. M. Sze, Kwok K. Ng. |
| 250 | _a3rd ed. | ||
| 260 |
_aNew York : _bJohn Wiley, _c2007. |
||
| 300 | _ax, 815 p. | ||
| 650 | 0 |
_aSemiconductors. _@0000156427 |
|
| 700 | 1 |
_aNg, Kwok K. _@0000168305 |
|
| 852 | 1 | _9p8817.39 KES | |
| 908 | _a090203 | ||
| 950 | _@1 | ||
| 999 |
_c8175 _d8175 |
||